[Event "Santa Rosa op 3rd"]
[Site "Santa Rosa"]
[Date "2018.07.09"]
[Round "5.8"]
[White "Varela, Malco Sayin"]
[Black "Tarancon, Hugo Cesar Manuel"]
[Result "1-0"]
[WhiteElo "1917"]
[BlackElo "1566"]
[PlyCount "49"]
[EventDate "2018.07.07"]
[EventType "swiss"]
[EventRounds "6"]
[EventCountry "ARG"]
[SourceTitle "EXT 2024"]
[Source "ChessBase"]
[SourceDate "2023.10.10"]
[SourceVersion "1"]
[SourceVersionDate "2023.10.10"]
[SourceQuality "1"]

1. d4 Nf6 2. c4 c5 3. Nf3 e6 4. Nc3 g6 5. e4 d6 6. dxc5 dxc5 7. Qxd8+ Kxd8 8. Bg5 Be7 9. 0-0-0+ Ke8 10. Nb5 Na6 11. Nd6+ Kf8 12. Bh6+ Kg8 13. Ne5 Nc7 14. Be2 Nce8 15. Nexf7 Nxd6 16. Nxd6 e5 17. f4 Bg4 18. fxe5 Bxe2 19. exf6 Bxf6 20. Rde1 Bg4 21. e5 Be7 22. Rhf1 Be6 23. b3 b6 24. Rf6 Bxd6 25. exd6 1-0

[Event "Santa Rosa op 3rd"]
[Site "Santa Rosa"]
[Date "2018.07.08"]
[Round "3.6"]
[White "Tarancon, Hugo Cesar Manuel"]
[Black "Covas, Guillermo"]
[Result "0-1"]
[WhiteElo "1566"]
[BlackElo "2093"]
[PlyCount "42"]
[EventDate "2018.07.07"]
[EventType "swiss"]
[EventRounds "6"]
[EventCountry "ARG"]
[SourceTitle "EXT 2024"]
[Source "ChessBase"]
[SourceDate "2023.10.10"]
[SourceVersion "1"]
[SourceVersionDate "2023.10.10"]
[SourceQuality "1"]

1. e4 e5 2. Nf3 Nf6 3. Bc4 Nxe4 4. Nc3 Nc6 5. Bxf7+ Kxf7 6. Nxe4 d5 7. Ng3 e4 8. Ng1 Bc5 9. Nh3 Qh4 10. d4 Bg4 11. Bg5 Qxg3 12. Qd2 e3 13. Bxe3 Qxg2 14. Rg1 Qxh3 15. dxc5 d4 16. Rg3 dxe3 17. Qd5+ Be6 18. Rf3+ Kg8 19. Qe4 exf2+ 20. Kxf2 Qxh2+ 21. Ke3 Qe5 0-1

[Event "Buenos Aires Coronel Suarez U2200 2nd"]
[Site "Buenos Aires"]
[Date "2017.04.29"]
[Round "1.5"]
[White "Miravent, Pablo"]
[Black "Tarancon, Hugo Cesar Manuel"]
[Result "1/2-1/2"]
[WhiteElo "2069"]
[BlackElo "1591"]
[PlyCount "74"]
[EventDate "2017.04.29"]
[EventType "swiss"]
[EventRounds "7"]
[EventCountry "ARG"]
[SourceTitle "EXT 2024"]
[Source "ChessBase"]
[SourceDate "2023.10.10"]
[SourceVersion "1"]
[SourceVersionDate "2023.10.10"]
[SourceQuality "1"]

1. d4 Nf6 2. Nf3 d6 3. c4 g6 4. Nc3 Bg7 5. Bg5 0-0 6. e4 Nbd7 7. Be2 e5 8. d5 h6 9. Bh4 g5 10. Bg3 Nc5 11. Nd2 Nfxe4 12. Ndxe4 Nxe4 13. Nxe4 f5 14. Nc3 f4 15. 0-0 Bf5 16. Bd3 Qd7 17. f3 fxg3 18. hxg3 g4 19. Bxf5 Rxf5 20. Ne4 Raf8 21. Qe2 Qf7 22. fxg4 Rxf1+ 23. Qxf1 Qxf1+ 24. Rxf1 Rxf1+ 25. Kxf1 Kf7 26. Ke2 Ke7 27. Kf3 Bf6 28. b3 Bg5 29. Nf2 Kd7 30. Ke4 a6 31. Kf5 c6 32. Ne4 cxd5 33. cxd5 Ke7 34. Nxg5 hxg5 35. Kxg5 Ke8 36. Kf5 Kf7 37. g5 Kg7 1/2-1/2

[Event "La Pampa Centro de la Republica "]
[Site "La Pampa"]
[Date "2015.10.11"]
[Round "5.1"]
[White "Ranalli, Emanuel Eduardo"]
[Black "Tarancon, Hugo Cesar Manuel"]
[Result "1/2-1/2"]
[WhiteElo "1738"]
[BlackElo "1567"]
[PlyCount "98"]
[EventDate "2015.10.09"]
[EventType "team-swiss"]
[EventRounds "6"]
[EventCountry "ARG"]
[SourceTitle "CBM 168 Extra"]
[Source "ChessBase"]
[SourceDate "2015.10.29"]
[SourceVersion "1"]
[SourceVersionDate "2015.10.29"]
[SourceQuality "1"]
[WhiteTeam "UNLPan"]
[BlackTeam "Equipo Hugo Fornasari"]
[WhiteTeamCountry "ARG"]
[BlackTeamCountry "ARG"]

1. e4 c5 2. Nf3 Nc6 3. d4 cxd4 4. Nxd4 Nf6 5. Nc3 a6 6. Be3 d6 7. Be2 e5 8. Nb3 Be6 9. Bf3 Rc8 10. 0-0 Be7 11. h3 h6 12. Qd2 0-0 13. Rad1 Qc7 14. Nd5 Bxd5 15. exd5 Nb8 16. c3 Nh7 17. g4 f5 18. gxf5 Bg5 19. Bg4 Bxe3 20. fxe3 Nf6 21. Bf3 Qf7 22. e4 Nbd7 23. Qe2 Nh7 24. Kh2 Ndf6 25. h4 Qe7 26. Kh3 Rf7 27. Rg1 Kh8 28. Rg3 Qd7 29. Kh2 Qa4 30. Nc1 b5 31. Rdg1 Qa5 32. Qg2 Rcc7 33. a3 Qb6 34. Be2 a5 35. Na2 Qa7 36. Qf3 Qb8 37. Qd3 Qd8 38. Kh3 Qb8 39. Bf3 Nf8 40. R1g2 N8d7 41. Qe3 Qc8 42. Kh2 Nb6 43. Qxb6 Rc5 44. Qxd6 Rd7 45. Qxe5 Qd8 46. Kh3 Re7 47. Qd4 Rc4 48. Qg1 Nxe4 49. Bxe4 Rcxe4 1/2-1/2

[Event "Santa Rosa La Pampa op 2nd"]
[Site "Santa Rosa"]
[Date "2015.07.09"]
[Round "1"]
[White "Mavrich, Leandro"]
[Black "Tarancon, Hugo Cesar Manuel"]
[Result "1-0"]
[WhiteElo "2200"]
[BlackElo "1598"]
[PlyCount "57"]
[EventDate "2015.07.09"]
[EventType "swiss"]
[EventRounds "6"]
[EventCountry "ARG"]
[SourceTitle "CBM 167 Extra"]
[Source "ChessBase"]
[SourceDate "2015.09.14"]
[SourceVersion "1"]
[SourceVersionDate "2015.09.14"]
[SourceQuality "1"]

1. b3 e5 2. Bb2 Nc6 3. e3 d6 4. Nf3 Nf6 5. c4 Be7 6. d4 exd4 7. Nxd4 0-0 8. Nxc6 bxc6 9. Qf3 Bg4 10. Qxc6 d5 11. cxd5 Nxd5 12. Be2 h5 13. a3 Re8 14. Bxg4 Nxe3 15. fxe3 hxg4 16. 0-0 Bg5 17. Bd4 Re6 18. Qc4 c5 19. Qxc5 Rc8 20. Qf5 Bxe3+ 21. Bxe3 Rf6 22. Qb5 Qd6 23. Nd2 Re6 24. Nc4 Qe7 25. Bg5 f6 26. Bh4 Re2 27. Qd5+ Kh8 28. Rae1 Rxc4 29. Rxe2 1-0